LEADER 02894nam 22006852 450 001 9910969882603321 005 20151005020621.0 010 $a1-107-13184-7 010 $a1-280-43381-7 010 $a9786610433810 010 $a1-139-14757-9 010 $a0-511-16975-2 010 $a0-511-06404-7 010 $a0-511-05771-7 010 $a0-511-30853-1 010 $a0-511-53659-3 010 $a0-511-07250-3 035 $a(CKB)1000000000030842 035 $a(EBL)217955 035 $a(OCoLC)559158161 035 $a(SSID)ssj0000216899 035 $a(PQKBManifestationID)11912300 035 $a(PQKBTitleCode)TC0000216899 035 $a(PQKBWorkID)10201770 035 $a(PQKB)10669486 035 $a(UkCbUP)CR9780511536595 035 $a(MiAaPQ)EBC217955 035 $a(Au-PeEL)EBL217955 035 $a(CaPaEBR)ebr10073555 035 $a(CaONFJC)MIL43381 035 $a(OCoLC)57365191 035 $a(PPN)261307967 035 $a(EXLCZ)991000000000030842 100 $a20090430d2002|||| uy| 0 101 0 $aeng 135 $aur||||||||||| 181 $ctxt$2rdacontent 182 $cc$2rdamedia 183 $acr$2rdacarrier 200 10$aOut of the blue $ea 24-hour skywatcher's guide /$fJohn Naylor 205 $a1st ed. 210 1$aCambridge :$cCambridge University Press,$d2002. 215 $a1 online resource (xii, 360 pages) $cdigital, PDF file(s) 300 $aTitle from publisher's bibliographic system (viewed on 05 Oct 2015). 311 08$a0-521-80925-8 320 $aIncludes bibliographical references and index. 327 $tDaylight --$tShadows --$tMirages --$tSunset and sunrise --$tRainbow --$tCoronae and glories --$tAtmospheric halos --$tNight sky --$tMoon --$tEclipses --$tPlanets --$tStars --$tComets and meteors. 330 $aWhy is the sky blue and why are sunsets red? When can I see a rainbow? Why is the moon sometimes visible in daylight? In Out of the Blue skywatcher John Naylor offers practical advice about where and when you can expect to see natural phenomena, what you will see and how to improve your chances of seeing it. He takes in both the night and the day sky, and deals only with what can be seen with the naked eye. Drawing on science, history, literature and mythology, and written in a popular style that assumes only basic scientific know-how, Out of the Blue is for everyone who enjoys being outdoors and who feels curious or puzzled about things optical and astronomical. 606 $aMeteorological optics$vObservers' manuals 606 $aAstronomy$vObservers' manuals 615 0$aMeteorological optics 615 0$aAstronomy 676 $a551.56/5 700 $aNaylor$b John C$g(John Caldicott),$f1945-$01844375 801 0$bUkCbUP 801 1$bUkCbUP 906 $aBOOK 912 $a9910969882603321 996 $aOut of the blue$94426937 997 $aUNINA LEADER 01461nam0 22003853i 450 001 PAL0217214 005 20251003044307.0 010 $bErrato. -$z9788885137240 010 $bErrato. -$z9788885137245 100 $a20090224d2008 ||||0itac50 ba 101 | $aita 102 $ait 181 1$6z01$ai $bxxxe 182 1$6z01$an 200 1 $aSmaltimento dei rifiuti solidi urbani$estato attuale, tecnologie, gestione$fa cura di Daniele Goi, Fabio Conti 210 $aUdine$cCISM$dİ2008 215 $a240 p.$cill.$d24 cm 300 $aIn testa al front.: International centre for mechanical sciences. 606 $aRifiuti solidi$2FIR$3SBLC133704$9I 676 $a363.728$9PROBLEMI AMBIENTALI. RIFIUTI$v21 676 $a363.73$9Altri problemi e servizi sociali. Inquinamento$v14 696 $aSpazzatura$aImmondezza$aImmondizia 699 $aRifiuti solidi$ySpazzatura 699 $aRifiuti solidi$yImmondezza 699 $aRifiuti solidi$yImmondizia 702 1$aGoi$b, Daniele$3GEAV059640 702 1$aConti$b, Fabio$3MILV264259 801 3$aIT$bIT-000000$c20090224 850 $aIT-BN0095 901 $bNAP 01$cSALA $n$ 912 $aPAL0217214 950 0$aBiblioteca Centralizzata di Ateneo$c1 v.$d 01SALA 363.73 SMA$e 0104 0000012155 VMA 1 v.$fA $h20090323$i20090323 977 $a 01 996 $aSmaltimento dei rifiuti solidi urbani$91573954 997 $aUNISANNIO